Le médaillé français type aux JO d'hiver - Statistiques

Statistiques générales
  • Ce quiz a été pris 20 fois
  • Le résultat moyen est 4 sur 7
Statistiques - réponses
Question Réponse % Correct
Est... Un homme
100%
Il vient de la région Auvergne-Rhône-Alpes
80%
Il a pour discipline de prédilection... le biathlon
60%
Il a lors de sa réussite... 28 ans et 4 mois
40%
Il remporte... 1 seule médaille
30%
Il obtient le plus souvent une médaille en Bronze
20%
Se prénomme... Pierre ou Vincent
20%
Aucun quiz correspondant
Distribution des résultats
% des personnes avec chaque résultat
Percentile par nombre de réponses
Votre historique - résultats
Vous n’avez pas pris ce quiz